Oxford handbook of cardiology / (Record no. 43874)

MARC details
001 - CONTROL NUMBER
control field 23882341
003 - CONTROL NUMBER IDENTIFIER
control field 0000
005 - DATE AND TIME OF LATEST TRANSACTION
control field 20251017101848.0
008 - FIXED-LENGTH DATA ELEMENTS--GENERAL INFORMATION
fixed length control field 241002s2025 nyu 000 0 eng
010 ## - LIBRARY OF CONGRESS CONTROL NUMBER
LC control number 2024947626
020 ## - INTERNATIONAL STANDARD BOOK NUMBER
International Standard Book Number 9780198864554
035 ## - SYSTEM CONTROL NUMBER
System control number 23882341
040 ## - CATALOGING SOURCE
Original cataloging agency DLC
Language of cataloging eng
Description conventions rda
Transcribing agency DLC
042 ## - AUTHENTICATION CODE
Authentication code pcc
050 ## - LIBRARY OF CONGRESS CALL NUMBER
Classification number RC 681 .R36 O94
100 ## - MAIN ENTRY--PERSONAL NAME
Personal name Ramrakha Punit (Edited)
245 00 - TITLE STATEMENT
Title Oxford handbook of cardiology /
Statement of responsibility, etc Fielder Camm, Joyee Basu, Jonathan Hill.
250 ## - EDITION STATEMENT
Edition statement 3.
263 ## - PROJECTED PUBLICATION DATE
Projected publication date 2501
264 #1 - PUBLICATION, DISTRIBUTION, ETC. (IMPRINT)
Place of publication, distribution, etc New York :
Name of publisher, distributor, etc Oxford University Press,
Date of publication, distribution, etc 2025.
300 ## - PHYSICAL DESCRIPTION
Extent xvi, 905p.
Other physical details ill.
336 ## - CONTENT TYPE
Content type term text
Content type code txt
Source rdacontent
337 ## - MEDIA TYPE
Media type term unmediated
Media type code n
Source rdamedia
338 ## - CARRIER TYPE
Carrier type term volume
Carrier type code nc
Source rdacarrier
490 ## - SERIES STATEMENT
Series statement Third Edition
504 ## - BIBLIOGRAPHY, ETC. NOTE
Bibliography, etc Include Index
520 ## - SUMMARY, ETC.
Summary, etc "Characterized by a gradual build-up of fatty plaques within the arterial wall, which eventually results in a significant reduction of the vessel lumen, impairing blood flow to the dis-tal tissues"--
Assigning source Provided by publisher.
700 1# - ADDED ENTRY--PERSONAL NAME
Personal name Ramrakha, Punit,
Relator term editor.
700 1# - ADDED ENTRY--PERSONAL NAME
Personal name Camm, C. Fielder,
Relator term editor.
700 1# - ADDED ENTRY--PERSONAL NAME
Personal name Basu, Joyee,
Relator term editor.
700 1# - ADDED ENTRY--PERSONAL NAME
Personal name Hill, Jonathan,
Relator term editor.
906 ## - LOCAL DATA ELEMENT F, LDF (RLIN)
a 0
b ibc
c orignew
d 2
e epcn
f 20
g y-gencatlg
942 ## - ADDED ENTRY ELEMENTS (KOHA)
Source of classification or shelving scheme Library of Congress Classification
Koha item type Books
Holdings
Withdrawn status Lost status Source of classification or shelving scheme Damaged status Not for loan Permanent Location Current Location Date acquired Total Checkouts Full call number Barcode Date last seen Price effective from Koha item type
    Library of Congress Classification     NILE UNIVERSITY OF NIGERIA - MAIN LIBRARY NILE UNIVERSITY OF NIGERIA - MAIN LIBRARY 10/17/2025   RC 681 .R36 .O94 2025 0199187 10/17/2025 10/17/2025 Books
    Library of Congress Classification     NILE UNIVERSITY OF NIGERIA - MAIN LIBRARY NILE UNIVERSITY OF NIGERIA - MAIN LIBRARY 10/17/2025   RC 681 .R36 .O94 2025 0199188 10/17/2025 10/17/2025 Books